• 首页
  • 本馆介绍
  • 公告通知
  • 最新文献
  • 馆藏检索
  • 电子资源
  • 读者导购
  • 参考咨询
  • 我的图书馆
  • 登录
  • 详细信息显示
  • 放入我的书架
  • 预约/预借图书
  • 作者相关作品
  • 分类相关作品
  • 丛书相关作品
  • 出版社相关作品

书目信息

  • 表格格式
  • 工作单格式
  • 卡片格式
题名:
形体礼仪规范
    
 
作者: 杨静 著
分册:  
出版信息: 北京   中国戏剧出版社  2021.1
页数: 269页
开本: 24cm
丛书名:
单 册:
中图分类: G831.3 , K891.26
科图分类:
主题词: 形态训练--教材 , 礼仪--教材
电子资源:
ISBN: 978-7-104-04731-5
000 01282nam0 2200337 45
001 012001000654
005 20211020093748.41
010    @a978-7-104-04731-5@dCNY78.00
099    @aCAL 012019070955
100    @a20190514d2019 em y0chiy0110 ea
101 0  @achi
102    @aCN@b110000
105    @aa a 000yy
106    @ar
200 1  @a形体礼仪规范@Axing ti li yi gui fan@d= Physical etiquette standard@f杨静著@zeng
205    @a第2版
210    @a北京@c中国戏剧出版社@d2021.1
215    @a269页@c图@d24cm
300    @a并列题名:Physical etiquette standard
314    @a杨静,女,教授。主要从事礼仪与形象塑造、形体礼仪、职业素养等方面的课程开发、培训及专业指导工作。主讲《现代礼仪》《形体与仪态》等课程。
320    @a有书目 (第267页)
330    @a本书是关于礼仪常识的教材,图文并茂,主要讲述形体基本姿态的理论、社交礼仪、肢体语言等知识,可用于大学生形体礼仪教材。本书基于长期的教学研究、实践和体会,通俗易懂,深入浅出,易于接受,有较强的行为指导意义。
333    @a形体礼仪学习者及相关读者。
510 1  @aPhysical etiquette standard@zeng
606 0  @a形态训练@j教材
606 0  @a礼仪@j教材
690    @aG831.3@v5
690    @aK891.26@v5
701  0 @a杨静@Ayang jing@4著
801    @aCN@b江苏凤凰@c20211018
905    @b1340504-7@dG831.3@e217=2@f4
    
    形体礼仪规范= Physical etiquette standard/杨静著.-第2版.-北京:中国戏剧出版社,2021.1
    269页:图;24cm
    并列题名:Physical etiquette standard.-使用对象:形体礼仪学习者及相关读者。
    
    ISBN 978-7-104-04731-5:CNY78.00
    本书是关于礼仪常识的教材,图文并茂,主要讲述形体基本姿态的理论、社交礼仪、肢体语言等知识,可用于大学生形体礼仪教材。本书基于长期的教学研究、实践和体会,通俗易懂,深入浅出,易于接受,有较强的行为指导意义。
●
相关链接 在E读中查询图书 在五车中查询图书 在当当中查询图书 在豆瓣中查询图书


正题名:形体礼仪规范     索取号:G831.3/217=2         预约/预借

序号 登录号 条形码 馆藏地/架位号 状态 备注
1 1340504   213405046   第一样本阅览室/ [索取号:G831.3/217=2] 在馆    
2 1340505   213405055   第四借阅区/ [索取号:G831.3/217=2] 在馆    
3 1340506   213405064   第四借阅区/ [索取号:G831.3/217=2] 在馆    
4 1340507   213405073   第四借阅区/ [索取号:G831.3/217=2] 在馆    
唐山师范学院图书馆 欢迎您!
大连网信软件有限公司© 版权所有